[Event "ch-Central Serbia 2012"]
[Site "Pozarevac SRB"]
[Date "2012.02.15"]
[Round "3.21"]
[White "Djokic,Neb"]
[Black "Arandjelovic,A"]
[Result "1/2-1/2"]
[WhiteElo "2191"]
[BlackElo "2066"]

1.e4 c5 2.Nf3 d6 3.d4 cxd4 4.Nxd4 Nf6 5.Nc3 a6 6.Be3 e5 7.Nb3 Be7 8.f3 Be6
9.Qd2 O-O 10.O-O-O Nbd7 11.g4 Qc7 12.g5 Nh5 13.Kb1 b5 14.Nd5 Bxd5 15.exd5 Nb6
16.Bxb6 Qxb6 17.Na5 Nf4 18.h4 Nxd5 19.Qxd5 Qxa5 20.Bd3 Rac8 21.Rdg1 Qb4 22.Rg4 Qc5
23.Qe4 g6 24.h5 d5 25.Qxe5 Bd6 26.Qe1 Rfe8 27.Qh4 Rc7 28.hxg6 fxg6 29.Bxg6 Ree7
30.Bd3 Be5 31.f4 Bxb2 32.g6 h5 33.Kxb2 Qc3+ 34.Kb1 Qb4+ 35.Kc1 Qa3+ 36.Kd1 Qc3
37.Qxh5  1/2-1/2

[Event "72nd Noteboomturnier Open A"]
[Site "Leiden NED"]
[Date "2012.02.18"]
[Round "2.9"]
[White "Pijpers,A"]
[Black "Von Meijenfeldt,Bart"]
[Result "1-0"]
[WhiteElo "2330"]
[BlackElo "2142"]

1.e4 c5 2.Nf3 d6 3.d4 cxd4 4.Nxd4 Nf6 5.Nc3 a6 6.Be3 e5 7.Nf3 Be7 8.Bc4 O-O
9.O-O Be6 10.Bxe6 fxe6 11.Na4 Ng4 12.Qd3 Qe8 13.Qb3 Qg6 14.Qxb7 Rxf3 15.Qxe7 h6
16.Qxd6 Rh3 17.Nc5 Nxh2 18.Qxe6+ Qxe6 19.Nxe6 Nxf1 20.Rxf1 Rxe3 21.fxe3 Nd7
22.Rd1 Nf6 23.Rd8+ Rxd8 24.Nxd8 Ng4 25.b4 Nxe3 26.c3 Nd1 27.c4 Nc3 28.Nc6 Kf7
29.Nb8 Nxa2 30.Nxa6 Nc3 31.b5  1-0

[Event "72nd Noteboomturnier Open A"]
[Site "Leiden NED"]
[Date "2012.02.18"]
[Round "3.32"]
[White "Timmermans,M"]
[Black "Daamen,Roland"]
[Result "1-0"]
[WhiteElo "2189"]
[BlackElo "2042"]

1.e4 c5 2.Nf3 d6 3.d4 cxd4 4.Nxd4 Nf6 5.Nc3 a6 6.Be3 e5 7.Nb3 Be6 8.f3 Nbd7
9.Qd2 b5 10.O-O-O Nb6 11.Qf2 Nfd7 12.f4 Be7 13.f5 Bc4 14.f6 Bxf6 15.Rxd6 Bg5
16.Bxg5 Qxg5+ 17.Nd2 Nc8 18.Rxd7 Kxd7 19.Bxc4 bxc4 20.Qxf7+ Ne7 21.Na4 Rad8
22.Rd1 Rhf8 23.Nc5+ Kc6 24.Qxc4 Rd4 25.Qxa6+ Kxc5 26.c3 Rxe4 27.Kb1  1-0

[Event "50th TCh-DEN XtraCon 2011-12"]
[Site "Denmark DEN"]
[Date "2012.02.19"]
[Round "7.4"]
[White "Andersen,IbH"]
[Black "Kristensen,Kaa"]
[Result "1/2-1/2"]
[WhiteElo "2183"]
[BlackElo "2296"]

1.e4 c5 2.Nf3 d6 3.d4 cxd4 4.Nxd4 Nf6 5.Nc3 a6 6.Be3 e5 7.Nf3 Be7 8.Bc4 O-O
9.O-O Be6 10.Bxe6 fxe6 11.Na4 Nfd7 12.c4 Nc6 13.Rc1 b6 14.a3 Nc5 15.Nc3 a5
16.Rb1 a4 17.Qc2 Qe8 18.Nb5 Qg6 19.Nd2 d5 20.cxd5 exd5 21.Bxc5 Bxc5 22.Nc7 Ra7
23.Nxd5 Raf7 24.Ne3 Rxf2 25.Rxf2 Bxe3 26.Rf1 b5 27.Qd3 Bxf2+ 28.Rxf2 Rxf2
29.Kxf2 Nd4 30.Nf3 Qb6 31.Nxd4 exd4 32.e5 g6 33.Kf3 Kf7 34.Ke4 Qc6+ 35.Kxd4 Qxg2
36.Kc5 Qb7 37.Qd6 Qe7 38.Kc6 g5 39.Kd5 Qb7+ 40.Kd4 Qe7 41.Qd5+ Qe6 42.Qxb5 h5
43.Qb7+ Ke8 44.Qb8+ Kf7 45.Qb7+ Ke8 46.Qb8+ Kf7 47.Qc7+ Ke8 48.Ke4 Qg6+ 49.Kd4 Qe6
50.Qb8+  1/2-1/2

[Event "3rd Jerry Hanken FIDE Open"]
[Site "Stillwater USA"]
[Date "2012.02.19"]
[Round "6.6"]
[White "Zhong,Howard"]
[Black "Nickels,Erik J"]
[Result "1/2-1/2"]
[WhiteElo "1875"]
[BlackElo "1775"]

1.e4 c5 2.Nf3 d6 3.d4 cxd4 4.Nxd4 Nf6 5.Nc3 a6 6.Be3 e5 7.Nb3 Be6 8.f3 Be7
9.Qd2 O-O 10.O-O-O Nbd7 11.g4 b5 12.g5 b4 13.Ne2 Ne8 14.h4 a5 15.Kb1 Nb6
16.Ng3 Qc7 17.h5 Nc4 18.Bxc4 Qxc4 19.Nc1 Nc7 20.Qd3 Nb5 21.Qxc4 Bxc4 22.Nf5 Rfe8
23.Nxe7+ Rxe7 24.Nd3 Rb7 25.Rdg1 Rab8 26.Rg2 Nc3+ 27.bxc3 bxc3+ 28.Ka1 Rb2
29.Nxb2 Rxb2 30.Rhg1 Rxa2+ 31.Kb1 Rb2+ 32.Ka1 Ra2+  1/2-1/2

[Event "ch-ROU Women 2012"]
[Site "Sarata Monteoru ROU"]
[Date "2012.02.20"]
[Round "8.4"]
[White "Padurariu,I"]
[Black "Visanescu,D"]
[Result "1/2-1/2"]
[WhiteElo "2247"]
[BlackElo "2047"]

1.e4 c5 2.Nf3 d6 3.d4 cxd4 4.Nxd4 Nf6 5.Nc3 a6 6.Be3 e5 7.Nf3 h6 8.Bc4 Be7
9.O-O Bg4 10.h3 Bh5 11.a4 Nc6 12.Nd5 O-O 13.g4 Bg6 14.Bb6 Qd7 15.Nxf6+ Bxf6
16.Re1 Bd8 17.Bxd8 Raxd8 18.Bd5 Ne7 19.Nh4 Kh7 20.Ng2 Nxd5 21.Qxd5 Qc6 22.Qxc6 bxc6
23.Nh4 f6 24.Nxg6 Kxg6 25.Re3 d5 26.Rc3 Rd6 27.Re1 Rb8 28.b3 Rb4 29.exd5 cxd5
30.Rc7 d4 31.Rd1 d3 32.Rxd3 Rxd3 33.cxd3 Rxb3 34.Rc6 Rxd3 35.Kg2 Kg5 36.Rxa6 Kh4
37.Ra7 Rxh3 38.Rxg7 Ra3 39.Rg6 Rxa4 40.Rxf6 Rxg4+ 41.Kf3 h5 42.Rf5 Rg5 43.Ke4 Rxf5
44.Kxf5 e4 45.Kxe4 Kg4 46.f4 h4 47.Ke3 h3 48.Kf2  1/2-1/2

[Event "ch-ROU Women 2012"]
[Site "Sarata Monteoru ROU"]
[Date "2012.02.20"]
[Round "8.5"]
[White "Uta,Ad"]
[Black "Sandu,Mi"]
[Result "0-1"]
[WhiteElo "2087"]
[BlackElo "2248"]

1.e4 c5 2.Nf3 d6 3.d4 cxd4 4.Nxd4 Nf6 5.Nc3 a6 6.Be3 e6 7.f3 b5 8.g4 Bb7
9.g5 Nfd7 10.h4 Nb6 11.a3 N8d7 12.h5 Ne5 13.Rh3 d5 14.exd5 Nxd5 15.Nxd5 Qxd5
16.f4 Nc4 17.Bxc4 bxc4 18.Qd2 Rc8 19.Ne2 Be7 20.O-O-O O-O 21.Qe1 Qf5 22.Rg3 Rfd8
23.Nd4 Qe4 24.Qc3 f6 25.Rdg1 fxg5 26.fxg5 e5 27.Nf3 Rd3 28.Nd2 Qd5 29.cxd3 cxd3
30.Rg4 Rxc3+ 31.bxc3 Bxa3+ 32.Kd1 g6 33.hxg6 hxg6 34.Ke1 Bc5 35.Ne4 Qa2 36.R4g2 Qb1+
37.Kf2 Bxe3+ 38.Kxe3 Qb5 39.Nf6+ Kf7 40.Rg3 Bc8 41.Ne4 Ke7 42.Rd1 Bf5 43.Rc1 Qc4
44.Re1 Qxe4+  0-1

[Event "ch-POL 2012"]
[Site "Warsaw POL"]
[Date "2012.02.21"]
[Round "4"]
[White "Duda,J"]
[Black "Swiercz,D"]
[Result "0-1"]
[WhiteElo "2380"]
[BlackElo "2583"]

1.e4 c5 2.Nf3 d6 3.d4 cxd4 4.Nxd4 Nf6 5.Nc3 a6 6.Be3 e5 7.Nb3 Be7 8.h3 O-O
9.Qf3 b5 10.Bd3 b4 11.Ne2 Be6 12.Ng3 g6 13.Bh6 Re8 14.Nf5 Bxf5 15.exf5 e4
16.Bxe4 Nxe4  0-1

[Event "ch-POL 2012"]
[Site "Warsaw POL"]
[Date "2012.02.22"]
[Round "5"]
[White "Leniart,A"]
[Black "Moranda,W"]
[Result "0-1"]
[WhiteElo "2455"]
[BlackElo "2568"]

1.e4 c5 2.Nf3 d6 3.d4 cxd4 4.Nxd4 Nf6 5.Nc3 a6 6.Be3 e6 7.Bd3 b5 8.a3 Bb7
9.O-O Nbd7 10.f4 Be7 11.Qf3 Rc8 12.Rae1 Rxc3 13.bxc3 Nc5 14.Bf2 Qa8 15.Bh4 Ncxe4
16.Qh3 d5 17.Bxe4 dxe4 18.g4 g6 19.f5 gxf5 20.Nxf5 exf5 21.Rxf5 Ng8 22.Bf2 Bc8
23.Re5 Nf6 24.Bc5 Be6 25.Bxe7 Kxe7 26.g5 Rg8 27.Kf1 Rxg5  0-1

[Event "ch-Moscow S/F 2012"]
[Site "Moscow RUS"]
[Date "2012.02.26"]
[Round "1"]
[White "Aldokhin,I"]
[Black "Akopova,A"]
[Result "1/2-1/2"]
[WhiteElo "2375"]
[BlackElo "2008"]

1.e4 c5 2.Nf3 d6 3.d4 cxd4 4.Nxd4 a6 5.Nc3 Nf6 6.Be3 e6 7.Be2 Be7 8.O-O Qc7
9.a4 O-O 10.f4 Nc6 11.Kh1 Nxd4 12.Bxd4 e5 13.Be3 exf4 14.Bxf4 Be6 15.Qe1 Nd7
16.Qg3 Ne5 17.Rad1 Rad8 18.h3 Rfe8 19.Be3 Qc6 20.Bd4 Ng6 21.Qf2 Bg5 22.Bg4 Bc4
23.Be2 Be6 24.b4 Bf4 25.Bh5 Be5 26.Bxg6 hxg6 27.Bxe5 dxe5 28.Nd5 Rd7 29.a5 Bxd5
30.Rxd5 Qe6 31.c4 Qe7 32.Qb6 Rc8 33.Rfd1 Rxd5 34.cxd5 Qc7 35.Qa7 Qc2 36.Rg1 Qxe4
37.Qxb7 Rc3 38.Qd7 f5 39.Kh2 Qf4+ 40.Kh1 Qe4 41.Kh2 Qf4+ 42.Kh1 Qe4  1/2-1/2

[Event "ch-Moscow S/F 2012"]
[Site "Moscow RUS"]
[Date "2012.02.28"]
[Round "3"]
[White "Aldokhin,I"]
[Black "Tarasov,O"]
[Result "1-0"]
[WhiteElo "2375"]
[BlackElo "2276"]

1.e4 c5 2.Nf3 d6 3.d4 cxd4 4.Nxd4 Nf6 5.Nc3 a6 6.Be3 e5 7.Nf3 Be7 8.Bc4 O-O
9.O-O Be6 10.Bxe6 fxe6 11.Na4 Nfd7 12.Qd3 b5 13.Nc3 Nc6 14.a4 b4 15.Nd5 Nc5
16.Qc4 Kh8 17.Bxc5 dxc5 18.Ne3 Qd6 19.Rad1 Nd4 20.Ne1 Qc6 21.c3 Qxe4 22.cxd4 cxd4
23.Qc2 Qxc2 24.N3xc2 Rfc8 25.Na1 b3 26.Nf3 Bf6 27.Rfe1 Rc4 28.Nxe5 Rxa4 29.Nxb3 Rb4
30.Nxd4 Rxb2 31.Nxe6 a5 32.Nc7 Rc8 33.Nd5 a4 34.Nc4 Rbb8 35.Ncb6 Ra8  1-0

[Event "PriFO Champ RUS 2012"]
[Site "Tolyatti RUS"]
[Date "2012.03.01"]
[Round "4.7"]
[White "Petukhov,D"]
[Black "Sharafiev,A"]
[Result "1-0"]
[WhiteElo "2332"]
[BlackElo "2443"]

1.e4 c5 2.Nf3 d6 3.d4 cxd4 4.Nxd4 Nf6 5.Nc3 a6 6.Be3 e6 7.f3 b5 8.Qd2 Nbd7
9.g4 Nb6 10.Qf2 Nc4 11.Bxc4 bxc4 12.g5 Nd7 13.h4 Qa5 14.h5 Qb4 15.Kd2 Bb7
16.a3 Qa5 17.g6 d5 18.gxf7+ Kxf7 19.Rhg1 e5 20.Nf5 d4 21.Bxd4 exd4 22.Qxd4 Ne5
23.Ke2 Rd8 24.Nd5 Rxd5 25.exd5 Qxd5 26.Qxd5+ Bxd5 27.f4 Bf3+ 28.Kf2 Be4 29.Nd4 Nc6
30.Ke3 Bd5 31.Rg5 Nxd4 32.Kxd4 Be6 33.Rag1 Rg8 34.f5 Bd7 35.h6 Kf6 36.Kxc4 Bxf5
37.hxg7 Bxg7 38.Kb3 Rb8+ 39.Ka2 Bf8 40.R5g2 h5 41.Rf1 h4 42.c4 Bc5 43.b4 Bd4
44.Rg4 Be5 45.Rxh4 Rd8 46.Rh5 Rd2+ 47.Kb3 Rd3+ 48.Ka4 Bb2 49.Rhxf5+  1-0

[Event "European Ind w 2012"]
[Site "Gaziantep TUR"]
[Date "2012.03.02"]
[Round "1"]
[White "Kosintseva,T"]
[Black "Bulmaga,I"]
[Result "1-0"]
[WhiteElo "2513"]
[BlackElo "2307"]

1.e4 c5 2.Nf3 d6 3.d4 cxd4 4.Nxd4 Nf6 5.Nc3 a6 6.Be3 e5 7.Nf3 Be7 8.Bc4 O-O
9.O-O Nc6 10.Re1 Be6 11.Bb3 Na5 12.Bg5 Nxb3 13.axb3 Nd7 14.Bxe7 Qxe7 15.Nd2 Nf6
16.Nf1 Rac8 17.Ne3 g6 18.Qd2 Kg7 19.f3 h5 20.Qf2 Qc7 21.Qh4 Qe7 22.Qf2 h4
23.Qxh4 Rh8 24.Qf2 Rh7 25.Rad1 Rch8 26.Nf1 Nh5 27.Ne2 Rc8 28.Ne3 Rch8 29.Rd2 Nf6
30.h3 Nh5 31.Nd5 Qg5 32.f4 exf4 33.Nexf4 Bxd5 34.Nxh5+ Rxh5 35.Rxd5 Qe7 36.Qd4+ Re5
37.Rxd6 Rh5 38.Rf1 Kh6 39.Rd7 Qc5 40.Rfxf7 b5 41.Rh7+ Kg5 42.Qxc5 Rxc5 43.Rxh5+  1-0

[Event "ch-Moscow S/F 2012"]
[Site "Moscow RUS"]
[Date "2012.03.02"]
[Round "6"]
[White "Kovalev,Eg"]
[Black "Trofimovsky,A"]
[Result "0-1"]
[WhiteElo "1949"]
[BlackElo "2103"]

1.e4 c5 2.Nf3 d6 3.d4 cxd4 4.Nxd4 Nf6 5.Nc3 a6 6.Be3 e5 7.Nb3 Be6 8.f3 Be7
9.Qd2 O-O 10.O-O-O Nbd7 11.g4 b5 12.g5 Nh5 13.Rg1 Nb6 14.Qf2 Nc4 15.Bxc4 bxc4
16.Nc5 Nf4 17.Bxf4 exf4 18.Nxe6 fxe6 19.e5 d5 20.Ne4 Kh8 21.Qh4 Rf5 22.Qh3 Rxe5
23.Rg4 Qf8 24.g6 h6 25.Nc3 Bf6 26.Qf1 Re3 27.Rxf4 Rxc3 28.Rxf6 Qxf6 29.bxc3 Qxg6
30.Qe2 Qg5+ 31.Kb2 Rb8+ 32.Ka1 Qf6 33.Qe3 Rf8 34.Rf1 e5 35.Qd2 Rb8 36.f4 Qb6
37.Qc1 Qa5 38.Rf3 d4 39.fxe5 dxc3 40.e6 Rb2 41.e7  0-1

[Event "ch-Moscow S/F 2012"]
[Site "Moscow RUS"]
[Date "2012.03.02"]
[Round "6"]
[White "Paravyan,D"]
[Black "Demianjuk,A"]
[Result "1-0"]
[WhiteElo "2205"]
[BlackElo "2313"]

1.e4 c5 2.Nf3 d6 3.d4 cxd4 4.Nxd4 Nf6 5.Nc3 a6 6.Be3 e5 7.Nb3 Be6 8.Qd2 Be7
9.h3 O-O 10.O-O-O b5 11.g4 Nbd7 12.f4 b4 13.Nd5 Nxe4 14.Qxb4 Bxd5 15.Rxd5 Ndf6
16.Ra5 Ng3 17.Rg1 d5 18.Qb7 Rb8 19.Qxa6 d4 20.Rxg3 Ne4 21.Bf2 Nxg3 22.Bxg3 Rb6
23.Qc4 exf4 24.Bxf4 d3 25.Bxd3 Bd6 26.Bd2 Qe7 27.Qe4 Qxe4 28.Bxe4 Re8 29.Bd3 Bb4
30.Bxb4 Rxb4 31.Kd2 Rf4 32.Rf5 Rxf5 33.gxf5 g5 34.fxg6 hxg6 35.a4 Kf8 36.a5 Ke7
37.a6 Kd6 38.Nd4  1-0

[Event "1st Annual ch-ACE"]
[Site "Tempe USA"]
[Date "2012.03.02"]
[Round "1"]
[White "Rensch,D"]
[Black "Mohandesi,S"]
[Result "1/2-1/2"]
[WhiteElo "2413"]
[BlackElo "2164"]

1.e4 c5 2.Nf3 d6 3.d4 cxd4 4.Nxd4 Nf6 5.Nc3 a6 6.Be3 e5 7.Nb3 Be6 8.f3 Be7
9.Qd2 Nbd7 10.g4 O-O 11.O-O-O b5 12.g5 b4 13.Ne2 Ne8 14.f4 a5 15.f5 Bc4 16.Kb1 a4
17.Nbc1 d5 18.exd5 Nd6 19.f6 gxf6 20.gxf6 Nxf6 21.Bh6 Kh8 22.Bxf8 Qxf8 23.Bg2 Rb8
24.Qe3 Ng4 25.Qg3 h5 26.h3 Nf5 27.Qf3 Nge3 28.Ng3 Nxg3 29.Qxe3 Qg7 30.Rhe1 Bd6
31.Nd3 f6 32.b3 Bb5 33.Bh1 h4 34.Nc5 axb3 35.axb3 f5 36.Ne6 Qf6 37.Qf2 Be8
38.Rd3 f4 39.Be4 Bh5 40.Qa7 Nxe4 41.Rxe4 Bg6 42.Rc4 Bxd3 43.cxd3 Qg6 44.Qd7 Qxd3+
45.Kb2 Rg8 46.Rc8 Qd2+ 47.Rc2 Qxd5 48.Qf7 Rg2 49.Qh5+ Kg8 50.Qe8+ Kh7 51.Qf7+ Kh8
52.Qe8+ Kh7 53.Qh5+  1/2-1/2

[Event "PriFO Champ RUS 2012"]
[Site "Tolyatti RUS"]
[Date "2012.03.02"]
[Round "5.23"]
[White "Trifonov,P"]
[Black "Skomorokhin,R"]
[Result "1/2-1/2"]
[WhiteElo "2222"]
[BlackElo "2376"]

1.e4 c5 2.Nf3 d6 3.d4 cxd4 4.Nxd4 Nf6 5.Nc3 a6 6.Be3 e5 7.Nb3 Be6 8.Be2 Be7
9.O-O O-O 10.Kh1 Nc6 11.f4 exf4 12.Bxf4 Rc8 13.Qd2 Ne8 14.Rad1 Bf6 15.Qe3 Qe7
16.Rd2 Ne5 17.Nd4 Ng6 18.g3 Nxf4 19.gxf4 Nc7 20.Rg1 Bd7 21.Bf3 b5 22.a3 g6
23.Qd3 Bg7 24.Nde2 Rcd8 25.Nd4 Qh4 26.f5 Be5 27.Rdg2 Kh8 28.Bg4 Qf6 29.Nce2 d5
30.fxg6 fxg6 31.Bxd7 Rxd7 32.c3 Qh4 33.exd5 Rxd5 34.Qe3 Bd6 35.Ng3 Bf4 36.Qe2 Qd8
37.Rf1 Re5 38.Nc6 Rxe2 39.Nxd8 Ree8 40.Nc6 Nd5 41.Re2 Kg7 42.Rxe8 Rxe8 43.Rd1 Nf6
44.Nd4 Bxg3 45.hxg3 Re3 46.Kh2 Ng4+ 47.Kg2 h5 48.Rd2 Kh6 49.Nc2 Re6 50.Nd4 Re1
51.Nc2 Rb1 52.Nb4 Ne3+ 53.Kf3 Nc4 54.Re2 Rxb2 55.Rxb2 Nxb2 56.Nxa6 Nc4 57.Nc7 Nxa3
58.Kf4 Kg7 59.Kg5 Kf7 60.g4 hxg4 61.Kxg4 Kf6 62.Nd5+ Ke5 63.Nc7 Kf6 64.Nd5+ Kg7
65.Kg5 Nb1 66.Nf4 Nxc3 67.Nxg6 Ne4+ 68.Kf4 Nd6 69.Ne5 Kf6 70.Nd3 Ke6 71.Nb4 Nf7
72.Ke4 Kd6 73.Kd4 Ne5 74.Nc2 Nc6+ 75.Kc3 Kc5 76.Kb3 Na5+ 77.Kc3 Nc6  1/2-1/2

[Event "TCh-CZE Extraliga 2011-12"]
[Site "Czech Republic CZE"]
[Date "2012.03.04"]
[Round "8.7"]
[White "Kalod,R"]
[Black "Jedlicka,A"]
[Result "1/2-1/2"]
[WhiteElo "2500"]
[BlackElo "2262"]

1.e4 c5 2.Nf3 d6 3.d4 cxd4 4.Nxd4 Nf6 5.Nc3 a6 6.Be3 e5 7.Nf3 Be7 8.Bc4 O-O
9.O-O Qc7 10.Bb3 Be6 11.Qe2 Re8 12.Rfd1 Nbd7 13.Ng5 Bxb3 14.axb3 h6 15.Nf3 b5
16.Ne1 Qb7 17.f3 b4 18.Nd5 Nxd5 19.Rxd5 Nf6 20.Rda5 d5 21.exd5 Nxd5 22.Bf2 Nf4
23.Qe4 Qc7 24.Be3 Rad8 25.Qc4 Qb8 26.Rxa6 Rc8 27.Qe4 Qb5 28.R6a5 Qd7 29.Rxe5 Ng6
30.Rd5 Bd6 31.Qd4 Rxe3 32.Qxe3 Bxh2+ 33.Kxh2 Qxd5 34.Qe4 Qh5+ 35.Kg1 Qc5+
36.Kh2 Qh5+ 37.Kg1 Qc5+ 38.Kh2 Qh5+  1/2-1/2

[Event "2nd Ferdynanda Dziedzica Mem"]
[Site "Trzcianka POL"]
[Date "2012.03.04"]
[Round "9"]
[White "Dragun,K"]
[Black "Olszewski,Mi"]
[Result "0-1"]
[WhiteElo "2425"]
[BlackElo "2539"]

1.e4 c5 2.Nf3 d6 3.d4 cxd4 4.Nxd4 Nf6 5.Nc3 a6 6.Be3 b5 7.a3 Qc7 8.f4 Bb7
9.Qf3 h6 10.Bf2 Nbd7 11.O-O-O e6 12.g4 Be7 13.Kb1 Rc8 14.Bd3 Qb8 15.Nce2 g6
16.h4 e5 17.g5 Nh5 18.Nb3 exf4 19.Nxf4 Ne5 20.Qe3 hxg5 21.Nxh5 Rxh5 22.hxg5 Bxg5
23.Qg3 Rxh1 24.Rxh1 Bf6 25.Qf4 Ke7 26.Rf1 g5 27.Qf5 Rg8 28.Bg3 Rg6 29.Nd4 Qe8
30.Qf2 Kf8 31.Nf5 Qd7 32.Qb6 Bd8 33.Qd4 Qe6 34.Rh1 Bf6 35.Qb6 Bc6 36.Nd4 Qe8
37.Nf5 Kg8 38.Nxd6 Qf8 39.Nf5 Bd7 40.Qc7 Nxd3 41.Qxd7 Nf4 42.e5 Qd8  0-1

[Event "Zagreb Open A"]
[Site "Zagreb CRO"]
[Date "2012.03.05"]
[Round "1.18"]
[White "Urukalovic,R"]
[Black "Fercec,N"]
[Result "0-1"]
[WhiteElo "2246"]
[BlackElo "2466"]

1.e4 c5 2.Nf3 d6 3.d4 cxd4 4.Nxd4 Nf6 5.Nc3 a6 6.Be3 e5 7.Nb3 Be6 8.Qd2 Be7
9.O-O-O O-O 10.f4 Ng4 11.g3 Nxe3 12.Qxe3 Nd7 13.Kb1 b5 14.f5 Bc4 15.Bxc4 bxc4
16.Nc1 Rb8 17.N1e2 Bg5 18.Qf2 Nc5 19.Qxc5 dxc5 20.Rxd8 Rfxd8 21.Nd5 Rb7 22.h4 Bd2
23.Rd1 Rdb8 24.b3 Ba5 25.Ne3 cxb3 26.axb3 Rd8 27.Rd5 Rxd5 28.exd5 h5 29.g4 hxg4
30.Nxg4 c4 31.Ne3 cxb3 32.c4 Rc7 33.d6 Rc6 34.Ng3 Rxd6  0-1

[Event "Zagreb Open A"]
[Site "Zagreb CRO"]
[Date "2012.03.06"]
[Round "2.1"]
[White "Palac,M"]
[Black "Fercec,N"]
[Result "1-0"]
[WhiteElo "2593"]
[BlackElo "2466"]

1.e4 c5 2.Nf3 d6 3.d4 cxd4 4.Nxd4 Nf6 5.Nc3 a6 6.Be3 e5 7.Nf3 Be7 8.Bc4 O-O
9.O-O Nc6 10.Re1 b5 11.Bd5 Bd7 12.Bb3 Na5 13.Bg5 Be6 14.Bxf6 Bxf6 15.Nd5 Bg5
16.Nxg5 Qxg5 17.Nc7 Bg4 18.f3 Bh3 19.Re2 Rad8 20.Nxa6 Nxb3 21.axb3 f5 22.Qd2 Qg6
23.Nc7 fxe4 24.fxe4 Rf7 25.Qd5 Rf8 26.Ra8 Rxa8 27.Qxa8+ Rf8 28.Qd5+ Kh8 29.Rf2 Rd8
30.Nxb5 h6 31.Qd3 Be6 32.Nc7 Bg8 33.Nd5 Bh7 34.Re2 Ra8 35.Re1 Qg5 36.b4 Ra2
37.b3 Qh4 38.g3 Qh3 39.Qc4 Bg8 40.b5  1-0

[Event "Zagreb Open A"]
[Site "Zagreb CRO"]
[Date "2012.03.06"]
[Round "2.18"]
[White "Bender,I"]
[Black "Zufic,M"]
[Result "1-0"]
[WhiteElo "2272"]
[BlackElo "2435"]

1.e4 c5 2.Nf3 d6 3.d4 cxd4 4.Nxd4 Nf6 5.Nc3 a6 6.Be3 e5 7.Nde2 Be6 8.Ng3 Nbd7
9.Be2 g6 10.h3 h5 11.Bf3 Rc8 12.Nge2 b5 13.a3 Nb6 14.b3 d5 15.exd5 Bf5 16.d6 e4
17.Nxe4 Bg7 18.Nxf6+ Bxf6 19.Nd4 Bd7 20.Bb7 Rb8 21.Nc6 Bxc6 22.Bxc6+ Kf8
23.O-O Bxa1 24.Qxa1 f6 25.Qd4 Kg7 26.c4 bxc4 27.bxc4 Qc8 28.Bd5 Re8 29.Rb1 Nxd5
30.Rxb8 Qxb8 31.Qxd5 Qb1+ 32.Kh2 Re5 33.Qd4 Re8 34.Qa7+  1-0

[Event "ch-Moscow Final 2012"]
[Site "Moscow RUS"]
[Date "2012.03.10"]
[Round "1"]
[White "Novikov,St1"]
[Black "Gagarin,V"]
[Result "0-1"]
[WhiteElo "2552"]
[BlackElo "2378"]

1.e4 c5 2.Nf3 d6 3.d4 cxd4 4.Nxd4 Nf6 5.Nc3 a6 6.Be3 Nbd7 7.g4 h6 8.f3 b5
9.h4 Bb7 10.Rg1 g6 11.g5 hxg5 12.hxg5 Nh5 13.Qd2 Rc8 14.O-O-O Bg7 15.a3 Ne5
16.f4 Nc4 17.Bxc4 Rxc4 18.f5 Be5 19.fxg6 fxg6 20.Nd5 Ng3 21.Qg2 Bxd5 22.exd5 Qc8
23.Kb1 Nf5 24.Nxf5 Qxf5 25.Rh1 Rxh1 26.Rxh1 Bxb2 27.Kxb2 Qe5+ 28.Kb1 Qxe3
29.Rh8+ Kd7 30.Rh3 Qe1+ 31.Ka2 Qc1 32.Rh2 Rc3 33.Qg4+ Kc7 34.Qb4 Rxc2+ 35.Rxc2+ Qxc2+  0-1

[Event "ch-Moscow Final 2012"]
[Site "Moscow RUS"]
[Date "2012.03.14"]
[Round "5"]
[White "Kozhevnikov,Ivan"]
[Black "Gagarin,V"]
[Result "1/2-1/2"]
[WhiteElo "2031"]
[BlackElo "2378"]

1.e4 c5 2.Nf3 d6 3.d4 cxd4 4.Nxd4 Nf6 5.Nc3 a6 6.Be3 Nbd7 7.f3 b5 8.g4 h6
9.h4 Bb7 10.Qd2 Rc8 11.O-O-O Qc7 12.a3 e5 13.Ndxb5 axb5 14.Nxb5 Qb8 15.Na7 Rc7
16.Nb5 Rc6 17.Nc3 Qc8 18.Bb5 Rxc3 19.Qxc3 Qxc3 20.bxc3 Kd8 21.g5 Nh5 22.a4 Kc7
23.Kd2 Be7 24.Rb1 Nc5 25.c4 hxg5 26.hxg5 g6 27.Ra1 Ra8 28.a5 Ba6 29.Kc3 Ra7
30.Ra2 Ra8 31.Raa1 Bf8 32.Ra2 Be7 33.Raa1 Bf8 34.Ra2 Be7  1/2-1/2

[Event "ch-CZE U20 2012"]
[Site "Kouty nad Desnou CZE"]
[Date "2012.03.16"]
[Round "10"]
[White "Rabatin,J"]
[Black "Vlasak,Lu"]
[Result "1/2-1/2"]
[WhiteElo "2159"]
[BlackElo "2270"]

1.e4 c5 2.Nf3 d6 3.d4 cxd4 4.Nxd4 Nf6 5.Nc3 a6 6.Be3 Ng4 7.Bg5 h6 8.Bh4 g5
9.Bg3 Bg7 10.Be2 h5 11.Bxg4 Bxg4 12.f3 Be6 13.Qd3 h4 14.Bf2 Nc6 15.Nxc6 bxc6
16.Bd4 Bxd4 17.Qxd4 Rg8 18.O-O-O Qa5 19.a3 Rb8 20.g3 c5 21.Qa4+ Qxa4 22.Nxa4 f6
23.Rhf1 Kf7 24.Rf2 hxg3 25.hxg3 Rh8 26.f4 Bg4 27.Re1 gxf4 28.gxf4 Rh3 29.e5 Rf3
30.Rxf3 Bxf3 31.Nc3 Rh8 32.Ne4 Bxe4 33.Rxe4 f5 34.Ra4 dxe5 35.fxe5 Ke6 36.Rxa6+ Kxe5
37.Kd2 f4 38.b4 Rh2+ 39.Kd3 Rh3+ 40.Kd2 c4 41.Ra7 c3+ 42.Ke2 e6 43.b5 Re3+
44.Kf2 Kd6 45.Rf7 Rh3  1/2-1/2

[Event "e2e4 High Wycombe Open"]
[Site "High Wycombe ENG"]
[Date "2012.03.17"]
[Round "2"]
[White "Simmons,J"]
[Black "Talbot,A"]
[Result "1/2-1/2"]
[WhiteElo "2006"]
[BlackElo "2146"]

1.e4 c5 2.Nf3 d6 3.d4 cxd4 4.Nxd4 Nf6 5.Nc3 a6 6.Be3 e5 7.Nb3 Be6 8.Be2 Be7
9.O-O Nbd7 10.a4 Rc8 11.Qd2 O-O 12.a5 Qc7 13.Rfd1 Qc6 14.Bf3 Rfd8 15.Qe1 Nc5
16.Nxc5 dxc5 17.Rxd8+ Rxd8 18.Bg5 Qc7 19.g3 h6 20.Bxf6 Bxf6 21.Nd5 Bxd5 22.exd5 Qd6
23.c4 Re8 24.Be4 g6 25.Rb1 Be7 26.Qd2 Bg5 27.Qc3 f5 28.Bg2 Be7 29.Qd2 Kh7
30.f4 e4 31.Kh1 Rd8 32.Bf1 Rd7 33.Be2 Qf6 34.Qc3 Qxc3 35.bxc3 Bd8 36.Ra1 g5
37.fxg5 hxg5 38.Kg2 Kg6 39.h3 Bc7 40.Ra2 Rh7 41.Bd1 Kf6 42.Rf2 Ke5 43.Ra2 f4
44.gxf4+ gxf4 45.Bg4 Kf6 46.Kf2 Kg5 47.Ra1 Re7 48.Rd1 Bd6 49.Be6 Kf6 50.Re1 Ke5
51.Rg1 Bc7 52.Rg5+ Kf6 53.h4 Rh7 54.Rf5+ Kg6 55.Rg5+ Kf6 56.Rf5+ Ke7 57.h5 Bd6
58.Bc8 Kd8 59.Be6 Bc7 60.Rf8+ Ke7 61.Rf5 Bxa5 62.Rxf4 Rxh5 63.Rxe4 Kd6 64.Bc8 Kc7
65.Bg4 Rh7 66.Re3 Rg7 67.Kf3 b5 68.cxb5 axb5 69.Be6 Kd6 70.Ke4 Rg1 71.Kd3 c4+
72.Kc2 Rg2+ 73.Kc1 Rf2 74.Bg8 Rf6 75.Kc2 Rf2+ 76.Kc1  1/2-1/2

[Event "e2e4 High Wycombe Open"]
[Site "High Wycombe ENG"]
[Date "2012.03.18"]
[Round "4"]
[White "Varnam,L"]
[Black "Friedland,J"]
[Result "1-0"]
[WhiteElo "2059"]
[BlackElo "2156"]

1.e4 c5 2.Nf3 d6 3.d4 cxd4 4.Nxd4 Nf6 5.Nc3 a6 6.Be3 e5 7.Nb3 Be7 8.f3 Be6
9.Qd2 Nbd7 10.g4 h6 11.O-O-O b5 12.Qf2 Qc7 13.Kb1 b4 14.Nd5 Bxd5 15.exd5 a5
16.Bb5 a4 17.Nc1 O-O 18.Bc6 Ra6 19.g5 hxg5 20.h4 g4 21.Rhg1 e4 22.fxg4 Ne5
23.Qe2 Ra5 24.g5 Ne8 25.h5 Nxc6 26.dxc6 Qxc6 27.h6 Qb5 28.hxg7 Nxg7 29.Qh2 f6
30.Rh1 Kf7 31.g6+ Ke8 32.Qh7 Nf5 33.g7 Nxg7 34.Qxg7 b3 35.cxb3 Kd7 36.Rh7 Re8
37.Qxf6 axb3 38.Nxb3 Ra6 39.Bg5  1-0

[Event "ch-VIE Women 2012"]
[Site "Can Tho VIE"]
[Date "2012.03.19"]
[Round "1.12"]
[White "Bui Kim Le"]
[Black "Tran,Thi Mong Thu"]
[Result "0-1"]
[WhiteElo "2110"]
[BlackElo "1826"]

1.e4 c5 2.Nf3 d6 3.d4 cxd4 4.Nxd4 Nf6 5.Nc3 a6 6.Be3 e5 7.Nb3 Be6 8.Qd2 Be7
9.Be2 Nbd7 10.f3 Rc8 11.O-O O-O 12.Rad1 Qc7 13.Qe1 b5 14.a3 Kh8 15.Kh1 Nb6
16.Bc1 Rfd8 17.f4 Bc4 18.Rf3 Nbd7 19.Bxc4 bxc4 20.Nd2 exf4 21.Rxf4 Ne5 22.Nf1 Qb7
23.Ne3 Ng6 24.Rf5 Re8 25.Ned5 Bd8 26.Qf1 Re6 27.Nxf6 Bxf6 28.Nd5 Ne7 29.Rxf6 gxf6
30.Nxf6 Ng8 31.Nd5 Rg6 32.Bd2 f6 33.Bc3 Qg7 34.Nf4 Rh6 35.Rxd6 Re8 36.Nd5 Qg3
37.h3 Qxd6 38.Qxc4 Qe6 39.e5 fxe5 40.Qc5 Qc6 41.Qa5 Nf6 42.Nxf6 Qxf6 43.Qa4 Rg8
44.Qe4 Rxh3+ 45.Kg1 Rh5  0-1

[Event "ch-VIE Men 2012"]
[Site "Can Tho VIE"]
[Date "2012.03.20"]
[Round "3"]
[White "Vu,Phi Hung"]
[Black "Nguyen Huynh Tuan Hai"]
[Result "1-0"]
[WhiteElo "2105"]
[BlackElo "1790"]

1.e4 c5 2.Nf3 d6 3.d4 cxd4 4.Nxd4 Nf6 5.Nc3 a6 6.Be3 e5 7.Nb3 Be6 8.f3 Nbd7
9.g4 h6 10.Qd2 b5 11.O-O-O Nb6 12.Qf2 Nc4 13.Bxc4 Bxc4 14.g5 hxg5 15.Bxg5 a5
16.f4 b4 17.fxe5 Ng4 18.Qf4 f6 19.exf6 gxf6 20.Nd5 Bxd5 21.Rxd5 Qd7 22.Bxf6 Rh7
23.Rf5 Nxf6 24.Rxf6 Rf7 25.Rf1 Qh3 26.Kb1 Bh6 27.Qf5 Qxf5 28.R1xf5 Rxf6 29.Rxf6 Bf8
30.Rf5 a4 31.Nd4 Rb8 32.h4  1-0

[Event "ch-Moscow w 2012"]
[Site "Moscow RUS"]
[Date "2012.03.21"]
[Round "5"]
[White "Frolova,E"]
[Black "Zizlova,S"]
[Result "1-0"]
[WhiteElo "2000"]
[BlackElo "2149"]

1.e4 c5 2.Nf3 d6 3.d4 cxd4 4.Nxd4 a6 5.Nc3 Nf6 6.Be3 e5 7.Nb3 Be6 8.Qd2 Be7
9.O-O-O Nbd7 10.f4 b5 11.f5 Bc4 12.g4 Nxg4 13.Rg1 Nxe3 14.Qxe3 Bxf1 15.Rdxf1 h6
16.Kb1 Bg5 17.Qg3 Nb6 18.h4 Bxh4 19.Qxg7 Bf6 20.Qg3 b4 21.Nd1 a5 22.Qd3 Qd7
23.Ne3 Qc6 24.Rd1 a4 25.Nd2 Rc8 26.Nf3 Nc4 27.Nd5 Bd8 28.Nxb4 Qb7 29.a3 Ba5
30.c3 Ke7 31.Nd2 Nxd2+ 32.Rxd2 Bxb4 33.axb4 Rc6 34.Rg7 Ra6 35.Qc4 Rf8 36.Qe6+ Kd8
37.Rxd6+ Rxd6 38.Qxd6+ Ke8 39.Qxe5+ Qe7 40.Qxe7+ Kxe7 41.Rh7 Rc8 42.e5 Rc4
43.e6 Rf4 44.Rxf7+ Kd8 45.b5  1-0